| 000 | 01574nam a2200361 a 4500 | ||
|---|---|---|---|
| 001 | ebr10421690 | ||
| 003 | CaPaEBR | ||
| 006 | m u | ||
| 007 | cr cn||||||||| | ||
| 008 | 010501s2002 nju sb 001 0 eng d | ||
| 010 | _z 2001027846 | ||
| 020 | _z0691091501 (acid-free paper) | ||
| 020 | _z069109151X (pbk. : acid-free paper) | ||
| 020 | _z9781400824885 (e-book) | ||
| 040 |
_aCaPaEBR _cCaPaEBR |
||
| 035 | _a(OCoLC)670429607 | ||
| 050 | 1 | 4 |
_aQA246 _b.K38 2002eb |
| 082 | 0 | 4 |
_a512/.74 _221 |
| 100 | 1 |
_aKatz, Nicholas M., _d1943- |
|
| 245 | 1 | 0 |
_aTwisted L-functions and monodromy _h[electronic resource] / _cby Nicholas M. Katz. |
| 260 |
_aPrinceton : _bPrinceton University Press, _c2002. |
||
| 300 | _aviii, 249 p. | ||
| 490 | 1 |
_aAnnals of mathematics studies ; _vno. 150 |
|
| 504 | _aIncludes bibliographical references (p. [235]-239) and index. | ||
| 505 | 0 | _apt. 1. Background material -- pt. 2. Twist sheaves, over an algebraically closed field -- pt. 3. Twist sheaves, over a finite field -- pt. 4. Twist sheaves over schemes of finite type over Z. | |
| 533 |
_aElectronic reproduction. _bPalo Alto, Calif. : _cebrary, _d2013. _nAvailable via World Wide Web. _nAccess may be limited to ebrary affiliated libraries. |
||
| 650 | 0 | _aL-functions. | |
| 650 | 0 | _aMonodromy groups. | |
| 655 | 7 |
_aElectronic books. _2local |
|
| 710 | 2 | _aebrary, Inc. | |
| 830 | 0 |
_aAnnals of mathematics studies ; _vno. 150. |
|
| 856 | 4 | 0 |
_uhttp://site.ebrary.com/lib/rucke/Doc?id=10421690 _zAn electronic book accessible through the World Wide Web; click to view |
| 999 |
_c140112 _d140112 |
||